Capoluoghi delle Province e dei territori del Canada - Statistics

Statistiche generali
  • Questo quiz è stato fatto 21 volte
  • Il punteggio medio è 6 su 13
Statistiche sulle risposte
Provincia / Territorio Capoluogo % Corretto
Ontario Toronto
94%
Alberta Edmonton
75%
Québec Québec
63%
Manitoba Winnipeg
56%
Nuova Scozia Halifax
50%
Saskatchewan Regina
50%
Columbia Britannica Victoria
50%
Yukon Whitehorse
44%
Territori del Nord-Ovest Yellowknife
44%
Nunavut Iqaluit
25%
Terranova e Labrador St. John's
25%
Isola del Principe Edoardo Charlottetown
19%
Nuovo Brunswick Fredericton
13%
Nessun quiz corrispondente trovato
Distribuzione punteggi
Percentuale di utenti per punteggio
Percentile per numero di risposta
I tuoi punteggi nel tempo
Non hai fatto questo quiz